Zu einigen frühosmanischen Urkunden V.

Elmentve itt :
Bibliográfiai részletek
Szerző: Wittek Paul
Dokumentumtípus: Cikk
Megjelent: [Verband der Wissenschaftlichen Gesellschaften Österreichs] Wien 1961
Sorozat:Zu einigen frühosmanischen Urkunden
Kulcsszavak:Török nyelvemlék
Tárgyszavak:
Online Access:http://misc.bibl.u-szeged.hu/65251
LEADER 00788nab a2200229 i 4500
001 misc65251
005 20231019121422.0
008 230928s1961 hu o 0|| ger d
040 |a SZTE Miscellanea Repozitórium  |b hun 
041 |a ger 
100 1 |a Wittek Paul 
245 1 0 |a Zu einigen frühosmanischen Urkunden V.  |h [elektronikus dokumentum] /  |c  Wittek Paul 
260 |a [Verband der Wissenschaftlichen Gesellschaften Österreichs]  |b Wien  |c 1961 
300 |a 102-117 
300 |a [16] p. 
490 0 |a Zu einigen frühosmanischen Urkunden 
561 |a Németh Gyula hagyaték 
591 |a NOA 6452 
650 4 |a Bölcsészettudományok 
650 4 |a Nyelvek és irodalom 
695 |a Török nyelvemlék 
856 4 0 |u http://misc.bibl.u-szeged.hu/65251/1/6452_noa.pdf  |z Dokumentum-elérés